000
00247nam a22001097a 4500
008
170123b xxu||||| |||| 00| 0 eng d
020
_a
0893036145
041
_a
eng
080
_2
4TH
_a
618.2
245
_a
EMERGENCY CARE
_c
GRANT, H.D
942
_2
udc
_c
BK
999
_c
3406
_d
3406